000 00621nam a2200241Ia 4500
001 981
003 GE_BSU
008 181216s||||||||xx |||||||||||||| ||und||
020 _a5160028934
040 _cGE_BSU
080 _a572(075.8)
100 _aЛукьянова,И,Е.;Овчаренко,В.А.
245 _aАнтропология
245 _bУчебное пособие
245 _cПод ред. Асо Е.А.Сигиды
260 _aМосква
260 _bИНФРА-М
260 _c2011
300 _a240стр.
541 _h30л.
653 _aАнтропология
942 _cBK
999 _c35139
_d35139